| 000 | 00574nam a2200193Ia 4500 | ||
|---|---|---|---|
| 005 | 20230921094741.0 | ||
| 008 | 131103s9999 xx 000 0 und d | ||
| 040 | _aLoreto College | ||
| 041 | _aEnglish | ||
| 082 |
_a292.65 _bELI |
||
| 100 | _aEliade, Mircea | ||
| 245 |
_aMyths Dreams and Mysteries _b the encounter between contemporary faiths and archaic reality _cMircea Eliade; translated by Philip Mairet |
||
| 260 |
_aLondon _bCollins _c1968 |
||
| 300 | _a256p. | ||
| 504 | _aIncludes index | ||
| 700 | _aMairet, Philip; tr. | ||
| 850 | _aLCLIB | ||
| 942 | _cBK | ||
| 999 |
_c23167 _d73646 |
||